000 00812cam a2200265 a 4500
001 15975042
005 20180215033433.0
008 091105s2010 njua 001 0 eng
010 _a 2009044137
015 _aGBA998916
_2bnb
016 7 _a015390691
_2Uk
020 _a013606048X (hardcover)
020 _a9780136060482 (hardcover)
035 _a(OCoLC)ocn456836776
040 _aDLC
_cDLC
_dYDX
_dBTCTA
_dUKM
_dYDXCP
_dCDX
_dRCJ
_dCUK
_dDLC
041 _aeng
080 _a657 WAY
082 0 0 _a657 WAY
_222
100 1 _a61
101 _aKF
245 1 0 _aFinancial accounting /
_cJeffrey Waybright, Robert Kemp.
906 _a7
_bcbc
_corignew
_d1
_eecip
_f20
_gy-gencatlg
942 _2ddc
_cBK
999 _c42572
_d42572